Monarquias del mundo - Estadísticas

Estadísticas generales
  • Esta prueba ha sido intentada 212 veces
  • La puntuación promedio es 26 de 41
Estadísticas de respuestas
Continente Reino Monarca % Correcto
Europa Reino de España Felipe VI
99%
Europa Reino Unido de Gran Bretaña e Irlanda del Norte Isabel II
96%
Europa Reino de Noruega Harald V
87%
Europa Paises Bajos Guillermo Alejandro
86%
Europa Reino de Suecia Carlos XVI Gustavo
85%
Asia Reino de Arabia Saudi Salman bin Abdelaziz
84%
Europa Reino de Belgica Felipe
83%
Europa Principado de Monaco Alberto II
82%
Europa Reino de Dinamarca Margarita II
82%
Asia Estado de Japon Akihito
77%
Oceania Australia Isabel II
75%
Africa Reino de Marruecos Mohamed VI
74%
Asia Emiratos Arabes Unidos Siete Emires
72%
Oceania Nueva Zelanda Isabel II
72%
Europa Gran Ducado de Luxemburgo Enrique
70%
Asia Reino de Jordania Abdala II
70%
Asia Estado de Catar Tamim Al-Thani
67%
Europa Ciudad del Vaticano Francisco
65%
Asia Reino de Barein Hamad ibn Isa Al Khalifah
62%
America Canada Isabel II
59%
America Mancomunidad de las Bahamas Isabel II
59%
Asia Sultania de Oman Qaboos ibn Sa´id Al ´Bu Sa´id
58%
Oceania Tuvalu Isabel II
58%
Asia Reino de Tailandia Bhumibol Adulyadej
56%
America Barbados Isabel II
55%
America San Vicente y las Granadinas Isabel II
55%
America Antigua y Barbuda Isabel II
54%
America Jamaica Isabel II
54%
Oceania Reino de Tonga Tupou VI
54%
America Santa Lucia Isabel II
54%
America Federacion de San Cristobal y Nieves Isabel II
53%
Oceania Islas Salomon Isabel II
53%
Asia Estado de Kuwait Sabah Al-Ahmad Al-Jaber Al-Sabah
51%
Asia Malasia Abdul Halim
50%
America Granada Isabel II
49%
Asia Reino de Butan Jigme Khesar Namgyal
48%
Oceania Papua Nueva Guinea Isabel II
44%
Africa Reino de Lesoto Letsie III
42%
Africa Reino de Suazilandia Mswati III
42%
America Belice Isabel II
41%
Asia Reino de Camboya Norodom Sihamoni
37%
No se encontraron pruebas coincidentes
Distribución de puntuación
Porcentaje de gente con cada puntuación
Porcentaje por número respondido
Historial de tus puntuaciones
No has intentado esta prueba.